000 01292nam0a22003131 4500
001 rc\3350018
005 20250609215749.0
021 _aRU
_b[71-91010]
035 _a(NLR Aleph) 007521119
090 _a7725593
_c7725593
100 _a20130115d1971 |||y0rusy50 ca
101 0 _arus
102 _aRU
105 _aa z |||e|
200 1 _aПамятники письма и языка народов Кавказа и Восточной Европы
_fАН СССР. Ин-т языкознания
210 _aЛенинград
_cНаука. Ленингр. отд-ние
_d1971
215 _a122, XXX с.
_cил.
_d27
320 _aСписок лит. в примеч.: с. 117
320 _aУказ.: с. 118-120
606 _aЭпиграфические памятники, осетинские
_2psbo
606 _aЭпиграфические памятники, кабардино-черкесские
_2psbo
606 _aЭпиграфические памятники, абхазские
_2psbo
700 1 _4070
_7ca
_8rus
_aТурчанинов
_bГ. Ф.
_f1902-1989
_gГеоргий Федорович
_92641465
_3RU\NLR\AUTH\770272084
801 0 _aRU
_bNLR
_gpsbo
801 1 _aRU
_bELAR
_2rusmarc
852 _aNLR
_j72-7/55
942 _cBOOK
980 _aNB